Piezas maestras del teatro teológico español
Spremljeno u:
| Glavni autor: | |
|---|---|
| Format: | Knjiga |
| Jezik: | španjolski |
| Izdano: |
Madrid
Biblioteca de Autores Cristianos
1946
|
| Teme: | |
| Oznake: |
Dodaj oznaku
Bez oznaka, Budi prvi tko označuje ovaj zapis!
|
MARC
| LEADER | 00000cam a2200000 a 4500 | ||
|---|---|---|---|
| 001 | UCL5299 | ||
| 003 | CL-VaPUC | ||
| 008 | 040312e19460000SP |||||||||||||||||spa|d | ||
| 082 | 0 | 4 | |a 862 |b GON |2 21 |
| 100 | |a González Ruiz, Nicolás |e author |9 543335 | ||
| 245 | 1 | 0 | |a Piezas maestras del teatro teológico español |
| 300 | |a v | ||
| 942 | |c BK | ||
| 945 | |d 20040312 00:00:00 |a rbrito | ||
| 260 | |a Madrid |b Biblioteca de Autores Cristianos |c 1946 | ||
| 500 | |a v.2: Comedias: Tirso de Molina, Mira de Amescua, Calderón de la Barca, Guillen de Castro, Ruiz de Alarcón, Cervantes, Lope de Vega | ||
| 650 | 0 | |a Dramas españoles |9 267081 | |
| 650 | 7 | |a TEATRO RELIGIOSO ESPAÑOL |2 CL-VaPUC |9 483019 | |
| 650 | 0 | |a Teatro español |9 265077 | |
| 650 | 7 | |a LITERATURA RELIGIOSA ESPAÑOLA |2 CL-VaPUC |9 314131 | |
| 583 | |a last modification |c 20151217 11:36:45 |k Rodrigo Vera | ||
| 999 | |c 307910 |d 307908 | ||
| 952 | |0 0 |1 0 |4 0 |6 862_000000000000000_GON_1946 |7 0 |8 P |9 374080 |a BIBTEO |b BIBTES |c TEO_FTES |d 2019-11-21 |h v.2 |i 2088266 |o 862 GON 1946 |p 2088266 |r 2024-01-18 |w 2019-11-21 |y BK |k ICR | ||
| 952 | |0 0 |1 0 |3 erd |4 0 |6 862_000000000000000_GON_1946 |7 0 |8 P |9 374081 |a BIBTEO |b BIBTES |c TEO_FTES |h t.2 |i 5274222 |o 862 GON 1946 |p 5274222 |r 2024-01-18 |w 2019-11-21 |y BK |z Catalogado en:20151218 |k ICR | ||
| 952 | |0 0 |1 0 |3 erd |4 0 |6 862_000000000000000_GON_1946 |7 0 |8 P |9 374082 |a BIBTEO |b BIBTES |c TEO_FTES |h t.1 |i 5274230 |o 862 GON 1946 |p 5274230 |r 2024-01-18 |w 2019-11-21 |y BK |z Catalogado en:20151218 |k ICR | ||